| 000 | 01395nam a22002897a 4500 | ||
|---|---|---|---|
| 005 | 20090720114744.0 | ||
| 008 | 090714t xxu||||| |||| 00| 0 hin d | ||
| 010 | _aHIN-87365 | ||
| 020 |
_c200.00 _a8186503382 |
||
| 035 | _aHN-59711 | ||
| 037 | _bDBAD / PUB | ||
| 040 |
_adpl _bhn |
||
| 082 | _a649.1 | ||
| 100 | _aसुरजीत | ||
| 245 |
_aबच्चों की समस्याएँ एवं समाधान / _cसुरजीत |
||
| 246 |
_aBachchon kii samasyaaen evam samaadhaana _bby Surjeet |
||
| 260 |
_aदिल्ली _bविद्या पुस्तक सदन _c2009 |
||
| 270 |
_aशिव मार्किट (प्रथम तल), न्यू चन्द्रावल , जवाहर नगर _bदिल्ली _e110007 |
||
| 300 |
_a144पृ. _c22सेमी (सजिल्द) _bसचित्र |
||
| 650 | _aबालक का व्यवहार द्वारा उपचार | ||
| 650 | _aBehavior therapy for children. | ||
| 650 | _aबाल अनुरक्षण | ||
| 650 | _aChild rearing. | ||
| 650 | _aChild rearing. | ||
| 942 |
_2ddc _cHN _mसुरजी _h649.1 |
||
| 999 |
_c28446 _d28446 |
||